100 Premiers Nombres Palindromes - Statistiques

Statistiques générales
  • Ce quiz a été pris 140 fois
  • Le résultat moyen est 95 sur 100
Statistiques - réponses
Nombres palindromes % Correct
1
100%
2
100%
3
100%
4
100%
5
100%
11
99%
6
99%
7
99%
8
99%
9
99%
101
98%
22
98%
33
98%
44
98%
55
98%
66
98%
77
98%
88
98%
99
98%
111
97%
121
97%
202
97%
222
97%
131
96%
212
96%
141
95%
151
95%
161
95%
171
95%
181
95%
191
95%
232
95%
242
95%
252
95%
262
95%
272
95%
282
95%
292
95%
303
95%
333
95%
444
95%
666
95%
777
95%
888
95%
313
94%
323
94%
343
94%
353
94%
363
94%
373
94%
383
94%
393
94%
404
94%
414
94%
424
94%
434
94%
454
94%
464
94%
474
94%
484
94%
494
94%
505
94%
515
94%
555
94%
606
94%
525
93%
535
93%
545
93%
565
93%
575
93%
585
93%
595
93%
707
93%
757
93%
808
93%
878
93%
898
93%
616
92%
626
92%
636
92%
646
92%
656
92%
676
92%
686
92%
696
92%
717
92%
727
92%
737
92%
747
92%
767
92%
787
92%
797
92%
818
92%
828
92%
838
92%
848
92%
858
92%
868
92%
909
92%
919
92%
Aucun quiz correspondant
Distribution des résultats
% des personnes avec chaque résultat
Percentile par nombre de réponses
Votre historique - résultats
Vous n’avez pas pris ce quiz